15 największych miast w Ameryce Północnej z mapą - Statystyki

Ogólne statystyki
  • Ten quiz został rozwiązany 2 735 razy
  • Średni wynik to 11 z 15
Odpowiedzi na mapie
Odpowiedzi zakodowano w zielono-czerwonej skali na mapie do tego quizu, zgodnie z poniższymi procentami.
 
Statystyki odpowiedzi
Populacja Miasto % Poprawnych
21,8 mln Nowy Jork
99%
17,1 mln Los Angeles
95%
25,4 mln Meksyk
94%
6,30 mln Miami
89%
9,60 mln Chicago
87%
8,65 mln Waszyngton
83%
7,50 mln San Francisco
81%
7,70 mln Boston
69%
7,85 mln Toronto
68%
7,80 mln Dallas
60%
7,20 mln Houston
56%
7,50 mln Filadelfia
53%
6,15 mln Atlanta
50%
5,95 mln Guadalajara
45%
6,15 mln Monterrey
38%
Nie znaleziono quizów pasujących do podanych kryteriów
Rozkład punktacji
Procent ludzi z każdym wynikiem
Percentyl według liczby udzielonych odpowiedzi
Twoja historia wyników
Nie rozwiązałeś tego quizu